Представление документа в формате RUSMARC

ПолеНазваниеЗначение
  Тип записи a
  Библиографический уровень m
001 Контрольный номер RU/ЭБС IPRbooks/65856
005 Дата корректировки 20180118151538.3
010 Индекс ISBN __
a ISBN 978-5-93916-530-3
100 Данные общей обработки __
a Данные общей обработки 20160101d2016 |||y0rusy0250
s 2020-06-14
101 Язык документа 0_
a Язык текста rus
102 Страна публикации __
a Страна публикации RU
200 Заглавие и сведения об ответственности 0_
a Заглавие Информационные технологии в деятельности суда. Часть 1: Программные средства разработки Web-страниц и презентаций
b Общее обозначение материала Электронный ресурс
e Сведения, относящиеся к заглавию учебное пособие
f Первые сведения об ответственности А.М. Черных
f Первые сведения об ответственности В.Т. Королёв
f Первые сведения об ответственности Р.С. Борисов
r Учебное пособие
205 Сведения об издании __
a Основные сведения об издании Информационные технологии в деятельности суда. Часть 1: Программные средства разработки Web-страниц и презентаций
b Дополнительные сведения об издании 2020-06-14
210 Выходные данные __
a Место издания Москва
c Издательство Российский государственный университет правосудия
d Дата издания 2016
215 Физическое описание __
a Объем 160 c.
300 Общие примечания __
a Общие примечания Книга находится в базовой версии ЭБС IPRbooks.
330 Аннотация __
a Аннотация В учебном пособии рассмотрены теоретические вопросы и определены практические основы работы по созданию и редактированию информационных ресурсов в сетях передачи данных с помощью стандартизированного языка разметки документов HTML и формального языка описания внешнего вида документов CSS. В учебном пособии на простых и доступных примерах приводится последовательность работы по созданию и редактированию html-страниц, приведены образцы выполнения контрольных заданий, а так же задания для самостоятельной работы. Приведены практические рекомендации по созданию презентационной поддержке публичных выступлений и докладов средствами MS PowerPoint. Пособие предназначено для студентов, обучающихся по специальности 40.02.03 – «Право и судебное администрирование», а также обучающихся по направлениям подготовки: «Юриспруденция», «Менеджмент», «Экономика» при изучении информационных дисциплин. Может быть полезным для студентов магистрантов, аспирантов и преподавателей предметов в области «Юриспруденции», «Менеджмент», «Экономика».
610 Ключевые слова 1_
a Ключевые слова информация
610 Ключевые слова 1_
a Ключевые слова сеть
610 Ключевые слова 1_
a Ключевые слова передача
610 Ключевые слова 1_
a Ключевые слова данные
610 Ключевые слова 1_
a Ключевые слова язык программирование
610 Ключевые слова 1_
a Ключевые слова информатика
610 Ключевые слова 1_
a Ключевые слова вычислительная техника
675 Индекс УДК __
a Индекс УДК 68
686 Индексы других классификаций __
a Классификационный индекс 32.97
2 Код системы rubbk
700 Автор _1
b Имя Р.С.
a Фамилия Борисов
4 Код отношения 070
701 Альтернативная интеллектуальная ответственность _1
b Имя В.Т.
a Фамилия Королёв
4 Код отношения 070
701 Альтернативная интеллектуальная ответственность _1
b Имя А.М.
a Фамилия Черных
4 Код отношения 070
856 Электронный адрес документа 4_
u Универсальный указатель ресурса (URL) http://www.iprbookshop.ru/65856.html
z Публикуемое примечание Перейти к просмотру издания